LEADER 01281nas 2200409- 450 001 9910894462103321 005 20210920213022.0 011 $a2442-3084 035 $a(OCoLC)981112852 035 $a(CKB)3710000000744209 035 $a(CONSER)--2017252480 035 $a(DE-599)ZDB2845716-X 035 $a(EXLCZ)993710000000744209 100 $a20170310a200u9999 --- c 101 0 $aind 135 $aur|n||||||||| 181 $ctxt$2rdacontent 182 $cc$2rdamedia 183 $acr$2rdacarrier 200 10$aAl Ihkam $ejurnal hukum & pranata sosial 210 1$aPamekasan :$cIslamic Law Researcher Association (APHI) collaboration with Department of Sharia STAIN Pamekasan 215 $a1 online resource 300 $aRefereed/Peer-reviewed 311 08$a1907-591X 531 0 $aAl-Ihkam : J. Huk. Pranata Sos. 606 $aIslamic law$vPeriodicals 606 $aIslamic law$2fast$3(OCoLC)fst00979949 608 $aPeriodicals.$2fast 608 $aPeriodicals.$2lcgft 615 0$aIslamic law 615 7$aIslamic law. 712 02$aAsosiasi Pengkaji Hukum Islam, 712 02$aSekolah Tinggi Agama Islam Negeri Pamekasan.$bJurusan Syariah, 906 $aJOURNAL 912 $a9910894462103321 996 $aAl Ihkam$94242195 997 $aUNINA